Languages of Papua New Guinea - Statistics

General Stats
  • This quiz has been taken 19 times
  • The average score is 5 of 584
Answer Stats
Languages % Correct
English
89%
Indonesian
50%
Tok Pisin
50%
Chinese Pidgin English
28%
Mala
28%
Hiri Motu
22%
Fijian
11%
Huli
11%
Javanese
11%
Motu
11%
Nen
11%
Ancient Hebrew
6%
Apali
6%
Boikin
6%
Dobu
6%
Enga
6%
Gants
6%
Japanese
6%
Kalam
6%
Kâte
6%
Kilivila
6%
Kobon
6%
Kuanua
6%
Kuman
6%
Kwomtari
6%
Melpa
6%
Nali
6%
Nend
6%
Orokaiva
6%
Orya
6%
Rotokas
6%
Saep
6%
Tami
6%
Utarmbung
6%
Wasembo
6%
Yabong
6%
Yagaria
6%
Abadi
0%
Abau
0%
Abu
0%
Abun
0%
Adzera
0%
Aeka
0%
Aekyom
0%
Agarabi
0%
Agob
0%
Aighon
0%
Akoye
0%
Alamblak
0%
Alekano
0%
Ama
0%
Amaimon
0%
Amanab
0%
Amara
0%
Ambakich
0%
Ambul
0%
Ambulas
0%
Amele
0%
Amol
0%
Amto
0%
Andai
0%
Anem
0%
Aneme Wake
0%
Angaataha
0%
Angal
0%
Angal Enen
0%
Angal Heneng
0%
Angor
0%
Anjam
0%
Ankave
0%
Anuki
0%
Ap Ma
0%
Arammba
0%
Are
0%
Arifama-Miniafia
0%
Arop-Lokep
0%
Arop-Sissano
0%
Aruop
0%
Asaro'o
0%
Askopan
0%
Au
0%
Avau
0%
Awa
0%
Awad Bing
0%
Awar
0%
Awara
0%
Awiyaana
0%
Awtuw
0%
Ayi
0%
Bahinemo
0%
Baibai
0%
Baimak
0%
Baluan-Pam
0%
Bamu
0%
Bannoni
0%
Barai
0%
Bargam
0%
Bariai
0%
Barikewa
0%
Barok
0%
Baruga
0%
Baruya
0%
Batak Toba
0%
Bau
0%
Bauni
0%
Bebeli
0%
Beli
0%
Benabena
0%
Biage
0%
Biangai
0%
Bilbil
0%
Bilur
0%
Bimin
0%
Binandere
0%
Bine
0%
Binumarien
0%
Bipi
0%
Bisorio
0%
Blafe
0%
Bogaya
0%
Bola
0%
Borong
0%
Bosngun
0%
Bouni
0%
Brem
0%
Breri
0%
Bugawac
0%
Buhutu
0%
Bukiyip
0%
Bulu
0%
Bumbita Arapesh
0%
Bunama
0%
Bungain
0%
Burarra
0%
Bwaidoka
0%
Bwanabwana
0%
Capanahua
0%
Central Bontok
0%
Central Tunebo
0%
Chakma
0%
Chambri
0%
Chuave
0%
Chuukese
0%
Cotabato Manobo
0%
Dadibi
0%
Daga
0%
Danaru
0%
Dano
0%
Dawawa
0%
Dedua
0%
Degenan
0%
Dera
0%
Dia
0%
Dima
0%
Dobel
0%
Doga
0%
Domung
0%
Doromu-Koki
0%
Duau
0%
Duna
0%
East Kewa
0%
Edolo
0%
Emumu
0%
Erave
0%
Ese
0%
Ewage-Notu
0%
Faiwol
0%
Fanamaket
0%
Fas
0%
Fasu
0%
Finongan
0%
Foi
0%
Foia Foia
0%
Folopa
0%
Forak
0%
Fore
0%
Fuyug
0%
Gadsup
0%
Gaikundi
0%
Galeya
0%
Gapapaiwa
0%
Garus
0%
Gavak
0%
Gedaged
0%
Gela
0%
Gende
0%
Ghayavi
0%
Gimi
0%
Girawa
0%
Gizrra
0%
Gobasi
0%
Golin
0%
Grass Koiari
0%
Guanano
0%
Guhu-Samane
0%
Gumawana
0%
Guntai
0%
Guriaso
0%
Gwahatike
0%
Gweda
0%
Hakö
0%
Halia
0%
Hamtai
0%
Hanga Hundi
0%
Haruai
0%
Hewa
0%
Heyo
0%
Hixkaryana
0%
Hote
0%
Hoyahoya
0%
Hunjara-Kaina Ke
0%
Iamalele
0%
Iatmul
0%
Idi
0%
Iduna
0%
Ikobi
0%
Imbongu
0%
Imonda
0%
Inebu One
0%
Inoke-Yate
0%
Ipiko
0%
Ipili
0%
Iranun
0%
Iteri
0%
Iwal
0%
Iwam
0%
Iyo
0%
Juwal
0%
Kabore One
0%
Kaian
0%
Kairak
0%
Kairiru
0%
Kakabai
0%
Kaki Ae
0%
Kaluli
0%
Kamano
0%
Kamasau
0%
Kambaira
0%
Kamula
0%
Kanasi
0%
Kandawo
0%
Kaninuwa
0%
Kanite
0%
Kapin
0%
Kara
0%
Karkar-Yuri
0%
Karnai
0%
Kasua
0%
Kaulong
0%
Keapara
0%
Kein
0%
Kela
0%
Kerewo
0%
Kesawai
0%
Khehek
0%
Kibiri
0%
Kilmeri
0%
Kire
0%
Kok Borok
0%
Kokota
0%
Kol
0%
Koluwawa
0%
Komba
0%
Kombio
0%
Kominimung
0%
Komo
0%
Konai
0%
Korafe-Yegha
0%
Korak
0%
Kosena
0%
Kou
0%
Kovai
0%
Kove
0%
Kube
0%
Kuni
0%
Kuni-Boazi
0%
Kunimaipa
0%
Kunja
0%
Kuot
0%
Kurti
0%
Kwamtim One
0%
Kwanga
0%
Kwoma
0%
Kyaka
0%
Labu
0%
Laeko-Libuat
0%
Lala
0%
Lamogai
0%
Lavatbura-Lamusong
0%
Leipon
0%
Lele
0%
Lembena
0%
Lenakel
0%
Lesing-Gelimi
0%
Lihir
0%
Limos Kalinga
0%
Loniu
0%
Lote
0%
Lou
0%
Lower Grand Valley Dani
0%
Lungalunga
0%
Lusi
0%
Madak
0%
Maia
0%
Maiadomu
0%
Maiani
0%
Mai Brat
0%
Mailu
0%
Maisin
0%
Maiwa
0%
Maiwala
0%
Malalamai
0%
Maleu-Kilenge
0%
Malol
0%
Mamaindé
0%
Ma Manda
0%
Mampruli
0%
Mamusi
0%
Manam
0%
Manambu
0%
Mandara
0%
Mangga Buang
0%
Mangseng
0%
Mapos Buang
0%
Marik
0%
Maring
0%
Mato
0%
Mauwake
0%
Mawan
0%
Mbula
0%
Mehek
0%
Mekeo
0%
Mende
0%
Mengen
0%
Menya
0%
Meramera
0%
Mese
0%
Mian
0%
Miani
0%
Middle Watut
0%
Migabac
0%
Migum
0%
Minaveha
0%
Minidien
0%
Misima-Panaeati
0%
Miu
0%
Modern Greek
0%
Moikodi
0%
Molima
0%
Molmo One
0%
Mouk-Aria
0%
Mountain Koiali
0%
Mouwase
0%
Mufian
0%
Muna
0%
Mungkip
0%
Munit
0%
Muratayak
0%
Murik
0%
Musar
0%
Musom
0%
Mussau-Emira
0%
Mutu
0%
Muyuw
0%
Naasioi
0%
Nabak
0%
Nai
0%
Nakame
0%
Nakanai
0%
Nama
0%
Namat
0%
Nambo
0%
Namia
0%
Namo
0%
Nankina
0%
Nanubae
0%
Narak
0%
Nehan
0%
Nek
0%
Nekgini
0%
Neko
0%
Nema
0%
Neme
0%
Ngaing
0%
Ngaju
0%
Nii
0%
Nimoa
0%
Ninggerum
0%
Ningil
0%
Niwer Mil
0%
Nobonob
0%
No Linguistic Content
0%
Nomane
0%
Northeast Kiwai
0%
Northern One
0%
North Tairora
0%
North Wahgi
0%
North Watut
0%
Notsi
0%
Nukna
0%
Nukumanu
0%
Nukuria
0%
Numanggang
0%
Nyindrou
0%
Odiai
0%
Odoodee
0%
Ogea
0%
Oksapmin
0%
Olo
0%
Omie
0%
Ono
0%
Onobasulu
0%
Orokolo
0%
Pagi
0%
Pahi
0%
Pak-Tong
0%
Pamosu
0%
Pasi
0%
Patep
0%
Patpatar
0%
Paumari
0%
Pawaia
0%
Pele-Ata
0%
Petats
0%
Pijin
0%
Pinai-Hagahai
0%
Piraha
0%
Pouye
0%
Purari
0%
Pyu
0%
Qaqet
0%
Ramoaaina
0%
Ramopa
0%
Rao
0%
Rapoisi
0%
Rawa
0%
Rema
0%
Rempi
0%
Romkun
0%
Ronji
0%
Rumu
0%
Sa'a
0%
Safeyoka
0%
Saliba
0%
Salt-Yui
0%
Sam
0%
Samberigi
0%
Samo
0%
Saniyo-Hiyewe
0%
Saposa
0%
Saramaccan
0%
Sausi
0%
Seimat
0%
Selepet
0%
Sengseng
0%
Sentani
0%
Sepik Iwam
0%
Sera
0%
Seta
0%
Setaman
0%
Seti
0%
Siane
0%
Siar-Lak
0%
Sibe
0%
Siliput
0%
Simbali
0%
Sinaugoro
0%
Sio
0%
Siroi
0%
Sissano
0%
Siwai
0%
Solos
0%
Somba-Siawari
0%
Sop
0%
Sos Kundi
0%
Sota Kanum
0%
Southern Kiwai
0%
Southern One
0%
South Tairora
0%
South Watut
0%
Suau
0%
Sudest
0%
Suena
0%
Sulka
0%
Sursurunga
0%
Tabo
0%
Tagalog
0%
Tainae
0%
Tairuma
0%
Takia
0%
Takuu
0%
Tangchangya
0%
Tanggu
0%
Tapei
0%
Tauade
0%
Taulil
0%
Taupota
0%
Tauya
0%
Tawala
0%
Telefol
0%
Teop
0%
Terei
0%
Tiang
0%
Tifal
0%
Tigak
0%
Timbe
0%
Tinputz
0%
Titan
0%
Toaripi
0%
Tokano
0%
Toura
0%
Tuma-Irumu
0%
Tungag
0%
Uare
0%
Ubir
0%
Uisai
0%
Ulau-Suain
0%
Umanakaina
0%
Umbu-Ungu
0%
Undetermined
0%
Uneapa
0%
Uni
0%
Unubahe
0%
Urat
0%
Uri
0%
Urigina
0%
Urim
0%
Urimo
0%
Usan
0%
Usarufa
0%
Usui
0%
Uyajitaya
0%
Vanimo
0%
Vitu
0%
Wab
0%
Waboda
0%
Waffa
0%
Wagi
0%
Wahgi
0%
Waima
0%
Walmajarri
0%
Wampar
0%
Wanap
0%
Wantoat
0%
Wara
0%
Waris
0%
Warwar Feni
0%
Waskia
0%
Watam
0%
Waube
0%
Wedau
0%
Weri
0%
West Ambae
0%
West Goodenough
0%
West Kewa
0%
Wik-Mungkan
0%
Wipi
0%
Wiru
0%
Wom
0%
Womo
0%
Wuvulu-Aua
0%
Yabem
0%
Yafi
0%
Yagomi
0%
Yagwoia
0%
Yahang
0%
Yale
0%
Yambes
0%
Yangum Dey
0%
Yangum Mon
0%
Yaosakor Asmat
0%
Yapunda
0%
Yareba
0%
Yau
0%
Yaweyuha
0%
Yele
0%
Yelogu
0%
Yessan-Mayo
0%
Yil
0%
Yis
0%
Yongkom
0%
Yopno
0%
Zia
0%
No matching quizzes found
Score Distribution
Percent of People with Each Score
Percentile by Number Answered
Your Score History
You have not taken this quiz